Statistics for Who Killed Who - History, Mythology, and Pop Culture

Click here to take the quiz!

General Stats

  • This quiz has been taken 13,758 times
  • The average score is 12 of 20

Answer Stats

PersonKilled by% Correct
GoliathDavid
90%
AbelCain
82%
Albus DumbledoreSeverus Snape
79%
Steve Irwin (hint: an animal)a Stingray
75%
Wicked Witch of the WestDorothy Gale
71%
Abraham LincolnJohn Wilkes Booth
71%
The HydraHercules
70%
Spider-Man, Black Panther,
Gamora, Loki, etc...
Thanos
69%
John F. KennedyLee Harvey Oswald
68%
Greedo (hint: in the cantina
with a blaster)
Han Solo
63%
AchillesParis
60%
King Duncan (hint: Shakespeare)Macbeth
56%
MedusaPerseus
53%
HectorAchilles
52%
Alexander HamiltonAaron Burr
50%
Durin's Bane, aka the BalrogGandalf
46%
GrendelBeowulf
41%
The MinotaurTheseus
41%
Petyr Baelish, aka LittlefingerArya Stark
36%
Apollo CreedIvan Drago
36%

Score Distribution

Percentile by Number Answered

Percent of People with Each Score

Your Score History

You have not taken this quiz